how to train your dragon (Record no. 8047)

MARC details
000 -LEADER
fixed length control field 00949nam a22002057a 4500
003 - CONTROL NUMBER IDENTIFIER
control field OSt
005 - DATE AND TIME OF LATEST TRANSACTION
control field 20260204021242.0
008 - FIXED-LENGTH DATA ELEMENTS--GENERAL INFORMATION
fixed length control field 260130b |||||||| |||| 00| 0 eng d
020 ## - INTERNATIONAL STANDARD BOOK NUMBER
International Standard Book Number 9780316085274
040 ## - CATALOGING SOURCE
Original cataloging agency DWCL GS library
Transcribing agency OC
082 ## - DEWEY DECIMAL CLASSIFICATION NUMBER
Classification number Fic. C8784h
100 ## - MAIN ENTRY--PERSONAL NAME
Personal name Cowell, Cressida
245 ## - TITLE STATEMENT
Title how to train your dragon
Remainder of title : book 1
260 ## - PUBLICATION, DISTRIBUTION, ETC.
Place of publication, distribution, etc. New York
Name of publisher, distributor, etc. Hachette Book Group
Date of publication, distribution, etc. c2003
300 ## - PHYSICAL DESCRIPTION
Extent 214
Other physical details illustrations
Dimensions 19cm
520 ## - SUMMARY, ETC.
Summary, etc. Hiccup Horrendous Haddock III is a truly extraordinary viking hero known throughout vikingdom as "the dragon whisperer"..... but it wasn't always so. Travel back to the days when the mighty warrior was just a boy, the quiet and thoughtful son of the chief of the hairy hooligans. Can hiccup capture a dragon and train it without being torn limb from limb?<br/>
526 ## - STUDY PROGRAM INFORMATION NOTE
Program name English
700 ## - ADDED ENTRY--PERSONAL NAME
Personal name Cressida Cowell
942 ## - ADDED ENTRY ELEMENTS (KOHA)
Source of classification or shelving scheme Dewey Decimal Classification
Koha item type Fiction
Classification part Fic. C874h 2003
Suppress in OPAC No
952 ## - LOCATION AND ITEM INFORMATION (KOHA)
--
Holdings
Withdrawn status Lost status Source of classification or shelving scheme Damaged status Not for loan Home library Current library Shelving location Date acquired Source of acquisition Total Checkouts Full call number Date last seen Price effective from Koha item type Uniform Resource Identifier
    Dewey Decimal Classification     Grade School Library Grade School Library Fiction 01/30/2026 School Fund, Donation   Fic. C874h 2003 01/30/2026 01/30/2026 FIC.